Civil Procedure (Record no. 1679981)

MARC details
000 -LEADER
fixed length control field 00459nam a2200181 4500
005 - DATE AND TIME OF LATEST TRANSACTION
control field 20260219100834.0
008 - FIXED-LENGTH DATA ELEMENTS--GENERAL INFORMATION
fixed length control field 260219b |||||||| |||| 00| 0 eng d
020 ## - INTERNATIONAL STANDARD BOOK NUMBER
International Standard Book Number 9789348179340
040 ## - CATALOGING SOURCE
Original cataloging agency FLL
Transcribing agency FLL
041 ## - LANGUAGE CODE
Source of code Eng
Language code of text/sound track or separate title Eng
084 ## - COLON CLASSIFICATION NUMBER
Classification number Z2,7,11qN08
100 ## - MAIN ENTRY--PERSONAL NAME
Personal name Takwani. C.K
9 (RLIN) 1116270
245 ## - TITLE STATEMENT
Title Civil Procedure
Remainder of title Limitaion and commercial courts
260 ## - PUBLICATION, DISTRIBUTION, ETC.
Place of publication, distribution, etc. Lucknow
Name of publisher, distributor, etc. EBC
Date of publication, distribution, etc. 2025
300 ## - PHYSICAL DESCRIPTION
Extent S-6,848
760 ## - MAIN SERIES ENTRY
Edition 10th
942 ## - ADDED ENTRY ELEMENTS (KOHA)
Source of classification or shelving scheme Colon Classification (CC)
Suppress in OPAC No
Koha item type Textbook

No items available.

Copyright @ Delhi University Library System